00829nam a22002411 450000100060000000300080000600500170001400800410003103500190007203500180009104000410010904100080015008200200015810000280017824500500020626000480025630000330030450400510033765000260038894200120041499900170042695201440044334380BD-RjUL20211209052141.0140517s1964 nyua b 001 0 eng d a(BD-RjUL)34474 a(OCoLC)255032 aDLCcODaWUdOCoLCdDLCdBD-RjULbeng aeng00a301.4bCAP 19641 aCaplow, Theodore.9872510aPrinciples of organization.cTheodore Caplow. aNew York :bHarcourt, Brace & World,c1964. axi, 383 p. :bill. ;c22 cm. aIncludes bibliographical references and index. 0aOrganization.9104546 2ddccBK c34380d34380 00102ddc40718NFICaRUCLbRUCLcReadingd1975-01-18eM. Obaidul Haqueg0.00l0o301.4 CAP 1964r2014-05-17 00:00:00tC-1w2014-05-17yBK